000 00421nam a22001697a 4500
003 SGT
020 _a9788184733235
082 _a615.53
_bS24S
100 _aSTEGMAN, JULIE K.
245 _aSTEDMAN'S POCKET MEDICAL DICTIONARY
250 _a1ST
260 _aNEW DELHI
_bWOLTERS KLUWER
_c2024
300 _a1190
650 _aMEDICAL DICTIONARY
653 _aSTEDMAN'S, POCKET, MEDICAL, DICTIONARY
942 _2ddc
_cBK
999 _c34729
_d34729